000 00533nam a2200181Ia 4500
005 20250423095844.0
008 250422s9999 xx 000 0 und d
020 _a9788189757632
050 _aTK 5105.888 .S53/
100 _aSharma, Pankaj.
245 0 _aIntroduction to web technology
260 _aNew Delhi
260 _bS.K. Kataria & Sons
260 _c2014
300 _a586 p
650 _a BEA WebLogic server. BEA WebLogic workshop. Java (Computer program language) Web services. Web servers.
942 _cBK
999 _c31538
_d31538